personnalités décédées jeunes ( moins de 50 ans) - Statistiques

Statistiques générales
  • Ce quiz a été pris 311 fois
    305 depuis la dernière actualisation
  • Le résultat moyen est 6 sur 19
Statistiques - réponses
Age Année lieu Nature du décès Perosonne % Correct
19 1431, Rouen brulée au bucher Jeanne d'Arc
98%
36 1997, Paris accident de voiture Princesse Diana
89%
33 1986, Mali accident hélicoptere Daniel Balavoine
66%
23 2007, Suresnes mucoviscidose Grégory Lemarchal
50%
42 1977, Memphis (USA) attaque cardiaque Elvis Presley
47%
39 30 av. J-C- Alexandrie Empoisonnée. Cléopatre
46%
39 1967, La Higuera (Bolivie) exécution - fusillé Che Guevara
32%
27 1994 , Seattle (USA) suicide ou homicide balle dans la tête Kurt Cobain
32%
27 1971, Paris Possible overdose heroine Jim Morrison
26%
15 1945, Bergen-Belsen (Allemagne) typhus Anne Frank
25%
24 1955, Cholame (USA) accident de voiture James Dean
21%
28 2003 , stade de gerland Lyon attaque cardiaque Marc vivien Foé
16%
36 1962, los angeles (USA) suicide Marilyn Monroe
14%
48 2020- Saint-Cloud (France) suicidé Christophe Dominici
13%
40 1559, Paris duel, joute Henri II
12%
35 1978, Large des Açores disparu en mer Alain Colas
11%
24 1793, Paris Guillotinée Charlotte Corday
11%
41 1980- Papeete (Tahiti). infarctus du myocarde Joe Dassin
10%
43 1982- Paris suicidée Romy Schneider
6%
Aucun quiz correspondant
Distribution des résultats
% des personnes avec chaque résultat
Percentile par nombre de réponses
Votre historique - résultats
Vous n’avez pas pris ce quiz depuis la dernière actualisation